Bioquímica de Harper

Spremljeno u:
Bibliografski detalji
Glavni autori: Murray, Robert K. (autor), Granner, Daryl K (Autor), Mayes, Peter A (Autor), Rodwell, Victor W (Autor)
Format: Knjiga
Jezik:španjolski
Izdano: Ciudad de México El Manual Moderno 1997
Izdanje:14a. ed
Teme:
Oznake: Dodaj oznaku
Bez oznaka, Budi prvi tko označuje ovaj zapis!

MARC

LEADER 00000nam a2200000 a 4500
001 UCM2921
003 CL-VaPUC
008 020621e19970000MX |||||||||||||||||spa|d
082 0 4 |a 572  |b MUR  |2 21 
100 |a Murray, Robert K.  |e autor  |9 306882 
700 0 |a Granner, Daryl K  |e author  |9 469674 
700 0 |a Mayes, Peter A  |e author  |9 469675 
700 0 |a Rodwell, Victor W  |e author  |9 469676 
245 1 0 |a Bioquímica de Harper 
250 |a 14a. ed 
300 |a 1021 p 
942 |c BK 
945 |d 20020621 00:00:00  |a cmena 
260 |a Ciudad de México  |b El Manual Moderno  |c 1997 
650 0 |a Bioquímica   |9 259492 
650 0 |a Biomoléculas   |9 263074 
650 7 |a PROTEINAS  |2 CL-VaPUC  |9 469677 
650 0 |a Enzimas  |9 262984 
650 0 |a Bioenergética   |9 264272 
650 0 |a Metabolismo de proteínas   |9 392232 
650 7 |a MACROMOLECULAS  |2 CL-VaPUC  |9 313728 
583 |a last modification  |c 20020621 00:00:00  |k Rodrigo Vera 
999 |c 300537  |d 300535 
952 |0 0  |1 0  |4 0  |6 572_000000000000000_MUR_1997  |7 0  |8 A  |9 358410  |a BIBCUR  |b BIBCUR  |d 2019-11-21  |i 3820122  |o 572 MUR 1997  |p 3820122  |r 2025-04-22  |w 2019-11-21  |y BK  |k KIN 
952 |0 0  |1 0  |2 ddc  |4 0  |6 572_000000000000000_MUR_1997  |7 0  |8 A  |9 358412  |a BIBCUR  |b BIBCUR  |c GEN  |d 2019-11-21  |i 3820149  |o 572 MUR 1997  |p 3820149  |r 2025-04-22  |w 2019-11-21  |y BK  |k KIN 
952 |0 0  |1 0  |2 ddc  |4 0  |6 572_000000000000000_MUR_1997  |7 0  |8 A  |9 358414  |a BIBCUR  |b BIBCUR  |c GEN  |d 2019-11-21  |i 3835073  |o 572 MUR 1997  |p 3835073  |r 2025-04-22  |w 2019-11-21  |y BK  |k KIN 
952 |0 0  |1 0  |4 0  |6 572_000000000000000_MUR_1997  |7 0  |8 A  |9 358415  |a BIBCUR  |b BIBCUR  |d 2019-11-21  |i 3835081  |o 572 MUR 1997  |p 3835081  |r 2025-04-22  |w 2019-11-21  |y BK  |k KIN 
952 |0 0  |1 0  |4 0  |6 572_000000000000000_MUR_1997  |7 0  |8 A  |9 358417  |a BIBCUR  |b BIBCUR  |d 2019-11-21  |i 3835103  |l 2  |o 572 MUR 1997  |p 3835103  |r 2025-04-22  |s 2022-03-30  |w 2019-11-21  |y BK  |k KIN 
952 |0 0  |1 0  |2 ddc  |4 0  |6 572_000000000000000_MUR_1997  |7 0  |8 A  |9 358418  |a BIBCUR  |b BIBCUR  |c PAC  |d 2019-11-21  |i 3835111  |o 572 MUR 1997  |p 3835111  |r 2025-04-22  |w 2019-11-21  |y BK  |k KIN 
952 |0 0  |1 0  |4 0  |6 572_000000000000000_MUR_1997  |7 0  |8 A  |9 358419  |a BIBCUR  |b BIBCUR  |d 2019-11-21  |i 383512K  |o 572 MUR 1997  |p 383512K  |r 2025-04-22  |w 2019-11-21  |y BK  |k KIN